| 000 | 01275nam0a2200349 4500 | ||
|---|---|---|---|
| 001 | RU\NLR\bibl\1782626 | ||
| 005 | 20250616135417.0 | ||
| 010 |
_a978-5-89403-050-0 _9800 |
||
| 021 |
_aRU _b2011-40198 _92858 |
||
| 035 | _a(nilc)RSL-KNO-004952327 | ||
| 035 | _a(NLR Aleph) 001773370 | ||
| 090 |
_a1651895 _c1651895 |
||
| 100 | _a20110531d2011 |||y0rusy50 ca | ||
| 101 | 0 | _arus | |
| 102 | _aRU | ||
| 105 | _aa ||||||||| | ||
| 200 | 1 |
_aСыновья Великой Победы _e"Рязанское землячество" в Москве _e[сборник] _fАлександр Кодылев |
|
| 210 |
_aРязань _cСервис _d2011 |
||
| 215 |
_a143 с., [8] л. цв. ил., портр., факс. _cил., портр. _d21 |
||
| 606 | 1 |
_aКосмонавтика _xИстория _yРоссия _92279700 _3RU\NLR\auth\661365907 |
|
| 686 |
_aО6д(2)86Аксёнов В.В.,0 _2rubbk |
||
| 686 |
_aО6г(2),0 _2rubbk |
||
| 686 | _aО6г(2)я44 | ||
| 700 | 1 |
_aКодылев _bА. М. _gАлександр Михайлович _4070 |
|
| 801 | 0 |
_aRU _bRuMoRKP _c20110531 _grcr |
|
| 801 | 1 |
_aRU _bРГБ _c20110531 |
|
| 801 | 2 |
_aRU _bNLR _c20110624 _grcr |
|
| 942 | _cBOOK | ||
| 980 | _aNB | ||
| 980 | _aNBR | ||